Das Jahr 1993 - Statistiken

Allgemein
  • Dieses Quiz wurde 50 mal gespielt
  • Das Durchschnittsergebnis liegt bei 7 aus 20
Antwortstatistiken
Nachricht Antwort % Korrekt
1. Januar: Durch Auflösung der Tschechoslowakei entstehen die Staaten Tschechien und ________. Slowakei
100%
26. Februar: Sprengstoffanschlag auf das _____ _____ ______ in New York World Trade Center
83%
9. August: Prinz Albert von Lüttich wird _____ der Belgier. König
77%
1. Juli: In Deutschland werden fünfstellige ______________ eingeführt. Postleitzahlen
72%
27. März: Die ___ verübt einen Sprengstoffanschlag gegen die JVA Weiterstadt. RAF
68%
24. Mai: Eritrea erlangt die Unabhängigkeit von _________. Äthiopien
62%
18. Mai: In einem zweiten Referendum stimmt die Mehrheit der Dänen für einen Beitritt Dänemarks zum Vertrag von __________. Maastricht
34%
21. September: Beginn der Verfassungskrise in ________ Russland
32%
29. Mai: In ________ sterben fünf türkische Frauen und Mädchen bei einem von Neonazis verübten Brandanschlag. Solingen
30%
12. Juli: Ein Erdbeben der Stärke _,_ auf Hokkaidō, Japan. 243 Tote 7,7
23%
14. Oktober: In Phnom Penh muss die __________ ihr erstes Todesopfer bei einem UN-Auslandseinsatz beklagen. Bundeswehr
23%
12. Mai: Kirgisistan führt eine neue nationale Währung ein: den ___. Som
15%
1. September: In der Bundesrepublik Deutschland werden der Besitz und die Besitzverschaffung von _________________ strafbar. Kinderpornografie
11%
1. Januar: Der europäische ___________ tritt in Kraft. Binnenmarkt
9%
2. Dezember: Das Space Shuttle _________ startet, um im Rahmen der STS-61-Mission die erste Wartung am Hubble-Weltraumteleskop durch die Besatzung durchführen zu lassen. Unscharfe Bilder des Teleskops sollen künftig verhindert werden. Endeavour
6%
14. Juni bis 25. Juni: UN Weltkonferenz über ______________ in Wien Menschenrechte
6%
18. August: Die ____________, Wahrzeichen der Stadt Luzern und älteste überdachte Holzbrücke Europas, wird bei einem Brand fast vollständig zerstört. Kapellbrücke
4%
23. Mai: In __________ finden unter UN-Aufsicht die ersten freien Wahlen seit mehr als 20 Jahren statt. Kambodscha
2%
27. September: Beim Massaker von _______ werden über 7.000 georgische Zivilisten in Abchasien ermordet. Sochumi
2%
29. Juli: Das Todesurteil gegen John Demjanjuk wird vom Obersten Gerichtshof in Israel aufgehoben. Es sei nicht zweifelsfrei erwiesen, dass Demjanjuk jener „Iwan“ sei, der im Vernichtungslager Treblinka als Aufseher die ________________ betrieben und Häftlinge sadistisch gefoltert habe. Vergasungsanlage
2%
Keine übereinstimmenden Quizze gefunden
Verteilung der Resultate
Anzahl Personen mit jedem Resultat
Perzentil nach korrekt beantworteten Fragen
Ihre Resultats-Entwicklung
Sie haben dieses Quiz noch nicht gespielt